000 00491nam a2200181Ia 4500
005 20250508151417.0
008 008 250505s9999 xx 000 0 eng d
037 _aTextual
040 _aFEDL
_beng
_cFEDL
041 _aeng
_2eng
084 _a374, LAL
_qFEDL
100 _aLall Dev Indar
_9759072
245 0 _aAdult education for a new democracy
260 _aDelhi, India
_bS Chand and Co
300 _aiv,182p
942 _cTEXL
_h374, LAL
999 _c1329611
_d1329611